000 00312nam a2200133Ia 4500
008 150201s2008 xx 000 0 und d
082 _a612.015
_bM08R
100 _aRAMBABU,KONDREDDY
245 _aMTF IN BIOCHEMISTRY
250 _a1ST
260 _bAITBS
_aDELHI
_c2008
650 _aBIOCHEMISTRY
942 _2ddc
_cBK
999 _c957
_d957